El ejército romano en hispania: guía arqueológica
Saved in:
| Hovedforfatter: | |
|---|---|
| Format: | Bog |
| Sprog: | spansk |
| Udgivet: |
León
Universidad de León
2007
|
| Fag: | |
| Tags: |
Tilføj Tag
Ingen Tags, Vær først til at tagge denne postø!
|
MARC
| LEADER | 00000nam a2200000 a 4500 | ||
|---|---|---|---|
| 001 | UCI7970 | ||
| 003 | CL-VaPUC | ||
| 008 | 080731e20070000SP |||||||||||||||||spa|d | ||
| 020 | |a 9788497733380 | ||
| 082 | 0 | 4 | |a 937 |b MOR |2 21 |
| 100 | |a Morillo Cerdán, Ángel |e autor |9 531405 | ||
| 245 | 1 | 3 | |a El ejército romano en hispania: guía arqueológica |
| 300 | |a 521 p | ||
| 942 | |c BK | ||
| 945 | |d 20080731 00:00:00 |a jtorresc | ||
| 260 | |a León |b Universidad de León |c 2007 | ||
| 650 | 0 | |a Historia de Roma |9 315349 | |
| 650 | 0 | |a Imperio Romano |9 322785 | |
| 650 | 0 | |a Ejército |9 321857 | |
| 651 | 0 | |a Roma |9 255106 | |
| 583 | |a last modification |c 20080731 00:00:00 |k Rodrigo Vera | ||
| 999 | |c 331075 |d 331073 | ||
| 952 | |0 0 |1 0 |4 0 |6 937_000000000000000_MOR_2007 |7 0 |8 A |9 417189 |a BIBHIS |b BIBHIS |d 2019-11-22 |i 4467752 |o 937 MOR 2007 |p 4467752 |r 2025-01-20 |w 2019-11-22 |y BK |k HIS | ||